| 000 | 00438nam a2200157 a 4500 | ||
|---|---|---|---|
| 001 | 000039667 | ||
| 005 | 20240306164224.0 | ||
| 008 | 130715s2010 xxu 000 0 spa d | ||
| 020 | _a9781616052461 | ||
| 040 |
_aDO-SdBNP _bspa _cBNPHU |
||
| 082 | _axxx | ||
| 100 | 1 |
_aVargas Llosa, Mario, _d1936- _912567 |
|
| 245 | 1 | 3 |
_aEl sueño del celta / _cMario Vargas Llosa. |
| 260 |
_aLima, Perú : _bAlfaguara, _c2010. |
||
| 300 |
_a454 p. ; _c23 cm. |
||
| 999 |
_c39157 _d39157 |
||